000
00322nam a22001457a 4500
008
211018b ||||| |||| 00| 0 eng d
020
_a
9780669510140
041
_a
eng
080
_a
910
082
_a
910
100
_a
42
101
_a
GJEO
245
_a
Science Saurus A Student Handbook
_c
Barnes,D
942
_2
udc
_c
BK
999
_c
58240
_d
58240